Visualizzazione normale
Vista MARC
- Wilke
di Personal Name
Records bibliografici associati: 1
001 - CONTROL NUMBER
- control field: 6696
003 - CONTROL NUMBER IDENTIFIER
- control field: IT-RoPau
005 - DATE AND TIME OF LATEST TRANSACTION
- control field: 20131222211121.0
008 - FIXED-LENGTH DATA ELEMENTS
- fixed length control field: 131222|| aca||aabn | a|a d
040 ## - CATALOGING SOURCE
- Original cataloging agency: IT-RoPau
- Transcribing agency: IT-RoPau
100 ## - HEADING--PERSONAL NAME
- Personal name: Wilke
- Miscellaneous information: Codice autore musica SPICS: 25581
- Relator term: Autore musica
- Name of part/section of a work: La seine
670 ## - SOURCE DATA FOUND
- Source citation: Work cat.: (IT-RoPau)102254: AA.VV. 794, Accordeon in Gold (Mama Zorba's Dance Rosamunda)-Lp 2418 016